Ensaio analytico das aguas ferreas de S. Tiago de Fraiao nos suburbios de Braga. (Record no. 153665)
[ view plain ]
| 000 -LEADER | |
|---|---|
| campo de control de longitud fija | 00570nam a22001575i 4500 |
| 001 - NÚMERO DE CONTROL | |
| campo de control | 153665 |
| 003 - IDENTIFICADOR DE NÚMERO DE CONTROL | |
| campo de control | ES-MaACL |
| 005 - FECHA Y HORA DE LA ÚLTIMA TRANSACCIÓN | |
| campo de control | 20230906205330.0 |
| 008 - DATOS DE LONGITUD FIJA--INFORMACIÓN GENERAL | |
| campo de control de longitud fija | 980218s1851 po |||| | por d |
| 040 ## - FUENTE DE CATALOGACIÓN | |
| Centro catalogador/agencia de origen | CAM |
| Lengua de catalogación | spa |
| Centro/agencia transcriptor | CAM |
| 245 00 - MENCIÓN DEL TÍTULO | |
| Título | Ensaio analytico das aguas ferreas de S. Tiago de Fraiao nos suburbios de Braga. |
| 260 ## - PUBLICACIÓN, DISTRIBUCIÓN, ETC. | |
| Lugar de publicación, distribución, etc. | Braga : |
| Nombre del editor, distribuidor, etc. | [s.n.], |
| Fecha de publicación, distribución, etc. | 1851 ( |
| Fabricante | typographia Bracharense) |
| 300 ## - DESCRIPCIÓN FÍSICA | |
| Extensión | 32 p. ; |
| Dimensiones | 21 cm. |
| 650 00 - PUNTO DE ACCESO ADICIONAL DE MATERIA--TÉRMINO DE MATERIA | |
| Término de materia o nombre geográfico como elemento de entrada | Aguas minerales- |
| Subdivisión geográfica | Portugal. |
| 9 (RLIN) | 9699 |
| 852 ## - LOCALIZACIÓN | |
| Ubicación | ES-MaACL |
| Número de control de estantería | T-9-F-3 |
| Nota libre | -- Enc. hol. |
| condición física | -- Falto de la cub. original |
| Nota libre | -- Enc. en un vol. facticio |
| Estatus retirado | Estado de pérdida | Estado de daño | No para préstamo | Colección | Biblioteca de origen | Biblioteca actual | Ubicación en estantería | Fecha de adquisición | Total de préstamos | Signatura topográfica completa | Código de barras | Visto por última vez | Precio de reemplazo | Tipo de ítem Koha |
|---|---|---|---|---|---|---|---|---|---|---|---|---|---|---|
| Colección de folletos | Biblioteca del Ateneo de Madrid | Biblioteca del Ateneo de Madrid | Depósito folletos | 17/01/2008 | T-9-F-3 | 1160646 | 23/02/2023 | 23/02/2023 | Folleto |
